Central Library OPAC University of Rajshahi

Random variables and probability distributions / (Record no. 51951)

MARC details
000 -LEADER
fixed length control field 00857nam a2200253 a 4500
001 - CONTROL NUMBER
control field 51951
003 - CONTROL NUMBER IDENTIFIER
rucl marc code BD-RjUL
005 - DATE AND TIME OF LATEST TRANSACTION
control field 20211209075732.0
008 - FIXED-LENGTH DATA ELEMENTS--GENERAL INFORMATION
fixed length control field 160905r19611937enk b 000 0 eng d
035 ## - SYSTEM CONTROL NUMBER
System control number (BD-RjUL) 52071
040 ## - CATALOGING SOURCE
Original cataloging agency BD-RjUL
Language of cataloging eng
Transcribing agency BD-RjUL
041 ## - LANGUAGE CODE
Language code of text/sound track or separate title eng
082 ## - DEWEY DECIMAL CLASSIFICATION NUMBER
Classification number 519.2
Author mark and year CRR 1961
Edition number 23
100 1# - MAIN ENTRY--PERSONAL NAME
Personal name Cramer, Harald,
Dates associated with a name 1893-1985
9 (RLIN) 23257
245 10 - TITLE STATEMENT
Title Random variables and probability distributions /
Statement of responsibility, etc. Harald Cramer
260 ## - PUBLICATION, DISTRIBUTION, ETC. (IMPRINT)
Place of publication, distribution, etc. Cambridge :
Name of publisher, distributor, etc. Cambridge University Press,
Date of publication, distribution, etc. 1937 [Reprinted 1961]
300 ## - PHYSICAL DESCRIPTION
Pagination [9], 118 p. ;
Size 23 cm
490 ## - SERIES STATEMENT
Series statement Cambridge tracts in mathematics and mathematical physics ;
Volume/sequential designation no. 36
500 ## - GENERAL NOTE
General note Previous ed. 1962
504 ## - BIBLIOGRAPHY, ETC. NOTE
Bibliography, etc Includes bibliography.
650 #0 - SUBJECT ADDED ENTRY--TOPICAL TERM
Topical term or geographic name as entry element Probabilities
9 (RLIN) 25445
830 ## - SERIES ADDED ENTRY--UNIFORM TITLE
Uniform title Cambridge tracts in mathematics and mathematical physics ;
Volume number/sequential designation no. 36
942 ## - ADDED ENTRY ELEMENTS (KOHA)
Source of classification or shelving scheme Dewey Decimal Classification
Koha item type Books
Holdings
Lost status Source of classification or shelving scheme Damaged status Not for loan Collection code Permanent Location Current Location Shelving location Date acquired Source of acquisition Cost, normal purchase price Total Checkouts Full call number Date last seen Copy number Koha item type
  Dewey Decimal Classification     Non-fiction Central Library, University of Rajshahi Central Library, University of Rajshahi   16/11/1968 Zeitlinger 25.00   519.2 CRR 1961 05/09/2016 C-2 Books
  Dewey Decimal Classification     Non-fiction Central Library, University of Rajshahi Central Library, University of Rajshahi   16/11/1968 Zeetlinger 25.00   519.2 CRR 1961 06/09/2016 C-3 Books